| 000 | 00997cam a22002531 4500 | ||
|---|---|---|---|
| 001 | 6559121 | ||
| 003 | OSt | ||
| 005 | 20230704081038.0 | ||
| 008 | 720126s1961 mduab 000 0 eng | ||
| 010 | _a 61009915 | ||
| 035 | _a(OCoLC)228414 | ||
| 040 |
_aDLC _cODaWU _dOCoLC _dDLC |
||
| 042 | _apremarc | ||
| 082 |
_a338.967 _bHOP |
||
| 100 | _cJohn Hopkins | ||
| 110 | 2 | _aWorld Bank. | |
| 245 | 1 | 4 |
_aThe economic development of Tanganyika; _breport of a mission organized by the International Bank for Reconstruction and Development at the request of the governments of Tanganyika and the United Kingdom. |
| 260 |
_aBaltimore, _bPublished for the International Bank for Reconstruction and Development, by the Johns Hopkins Press, Baltimore _c[1961] |
||
| 300 |
_axxviii, 548 p. _bfold. maps (part col.) diagrs., tables. _c24 cm. |
||
| 651 | 0 |
_aTanzania _xEconomic conditions. |
|
| 651 | 0 |
_aTanzania _xEconomic policy. |
|
| 906 |
_a7 _bcbc _coclcrpl _du _encip _f19 _gy-gencatlg |
||
| 942 |
_2ddc _cBK |
||
| 999 |
_c3544 _d3544 |
||